MDQL
is popping MORE tags! Check the
thread
!
Quizzes
Events
Quiz Creation
Community
Videos
Private Events
Remove Ads
Sign In
Join for FREE
Feedback
Dark Mode
Quiz Categories
Sports
Geography
Music
Movies
Television
Just For Fun
Miscellaneous
History
Literature
Language
Science
Gaming
Entertainment
Religion
Holiday
For Kids
Quiz Lab
Recent
Popular Today
Quiz Kudos Today
Editor Picks
Curator Picks
Quizzes by...
Day
Popularity
Type
Ratings
Length
Year
Community
Subscriptions
Recent Discussions
Orange Saloon
Badges
Playlists
Quests
Create
Leaderboards
Showdown
Live 5
Trivia Bingo
Activity
Puzzle Library
Sporcle Events
Private Events
Virtual Trivia
Globe League
Become a Host
Pub Owners
SporcleCon
Opinionation
Our Games
Videos
Blog
Mobile Apps
Partnerships
Remove Ads and Go Orange
Feedback
Movies
Disney
Marvel Cinematic Universe
Movie Resume
Movie Titles
Oscar
Actor
Actress
Director
Pixar
Role
Movie Quotes
Movie Characters
Box Office
Nominee
Best Picture
Star Wars
James Bond
Horror Movies
Movies
Disney
Marvel Cinematic Universe
Movie Resume
Movie Titles
Oscar
Actor
Actress
Director
Pixar
Role
Movie Quotes
Movie Characters
Box Office
Nominee
Best Picture
Star Wars
James Bond
Horror Movies
Random Quiz
Search Sporcle
×
Quiz Lab
Quiz Lab
Movies
Clickable
Select answers by clicking on text or image buttons
Select answers by clicking on text or image buttons
Clickable
Best Score? Go Orange.
Coen brothers mega follow that line Stats
Pick the line that follows the given quote
By
dietsausage
20m
30 Questions
123 Plays
123 Plays
123 Plays
Comments
Comments
Give Quiz Kudos
Give Quiz Kudos
-
- Ratings
hide this ad
Replay
Link that replays current quiz
Next Quiz
Link to next quiz in quiz playlist
You Got
0%
They Got
Avg Score
86%
Avg Friend Score
Upgrade to see
Score Distribution
Jump to the score distribution portion of the page
Score
0/30
Timer
20:00
0
Plays Today
% Correct
what'd this guy look like, anyway
95.9%
am i wrong?
95.9%
you see, my wife's dad is real well off.
95.1%
well, i do work sir, so, if you don't mind.
95.1%
are they gonna hurt us, walter?
95.1%
you mean you busted out of jail?
95.1%
why'd they hang him so high?
95.1%
this could work out real good for me and jean and scotty
93.5%
well, what kind of tent?
93.5%
what'd the devil give you for your soul, tommy?
93.5%
have you sat before her before?
93.5%
what kind of trouble are you in, jerry?
92.7%
how come you don't roll on saturday, walter?
92.7%
if i don't come back, tell mother i love her.
92.7%
the most. you ever lost. on a coin toss.
91.9%
% Correct
well, you lying....unconstant....succubus!
91.9%
you work for the railroad, grandpa?
91.9%
how many polacks it take to screw up a light bulb?
91.9%
does he look like he would have a sense of humor?
91.9%
linda, what do you really know about this guy?
91.1%
in what direction were you going?
90.2%
need a beer, glen?
89.4%
you don't have to do this.
80.5%
who is in there?
80.5%
you miserable little snake! you stole from my kin!
76.4%
that's it then. you can have my truck. here's the keys. i'm taking the ciera.
74.8%
ibs
69.1%
he said i was modern man.
64.2%
do you have any idea how crazy you are?
60.2%
we have no rodeo clowns in yell county.
43.9%
Quiz Playlist
Details
Report
Send in Message
Add To Playlist
Clickable:
Select answers by clicking on text or image buttons
Last Updated: Feb 16, 2017
Quiz Scoreboard
CHALLENGE
Sign Up to Join the Scoreboard
Show All
Scores
Hide
Comments
May contain spoilers
Recently Published
Street Fighter Characters
by Artimus82
Gaming
60s
9x9 Crossword: Cartoon Network
by jackfrog10
Miscellaneous
3m
College Basketball Coaching Resumes
by pancakes188
Sports
9m
More to Explore
Quiz From the Vault
Featured Blog Post
Where Did the Easter Bunny Come From?
hide this ad
You Might Also Like...
Tags
Clickable Quiz
Movie Quotes Quiz
coen
Coen Brothers
Ethan Coen
fargo
Today's Top Quizzes in Movies
Browse Movies
hide this ad
Today's Top Quizzes in Clickable
Browse Clickable
Top Contributed Quizzes in Movies
1
Pick 5 Posters: Directed by Spielberg
2
7-to-1: Pixar Characters
3
Pick 5 Posters: Lowest-Rated Spielberg
4
Hidden Star Wars Character II
5
Sorting Actors
6
Sorting Actresses
7
Pick 5 Posters: Directed by Scorsese
8
Hidden Star Wars Character III
9
Pick 5 Posters: Star & Director
10
Hidden Star Wars Character IV
Explore More
Trending Topics
Crossword
Anime
NBA
Disney
Harry Potter
Marvel
Kpop
Song
Pokémon
Soccer
NFL
Puzzle
Country
WWE
The Office
hide this ad
More By:
dietsausage
Quiz
Plays
Rating
Category
Featured
Created
Match the Voltron components together
2,500
3.44
Television
Jan 27, 2016
Clickable Duke basketball players
751
4.09
Sports
Jan 11, 2016
Match guitar to guitarist
689
4.00
Music
Jan 13, 2016
What is this Metallica song about?
611
4.50
Music
Feb 3, 2016
Match the 80s action movie with its star
567
3.76
Movies
Mar 8, 2016
Go to Creator's Profile
Score Distribution
Quiz Creator Spotlight
dietsausage
Follow
Send a Message
Quizzes Created
-
Created Quiz Play Count
-
More By This Creator
Popular Quizzes Today
1
Find the US States - No Outlines Minefield
2
Find the Countries of Europe - No Outlines Minefield
3
The Countries of the World
4
Find the US States
5
Risky Map Clicking: Biggest States A-Z
6
US States
7
Popular People in 1961
8
Movies - When Are They Set?
More Movies Quizzes
Best Movies of 2012
Quiz Lab
Trending Quizzes
Risky Map Clicking: Least Populous States A-Z
Countries of the World: 200 Million BC
1-10 Letter G Words
Risky Map Clicking: Next State Alphabetically
Adjectives in 80s TV Shows
Recently Updated
Leaping Animals
pecheneg
Reality TV Shows (A-Z)
bhenderson79
Rickey Henderson's Hall of Fame Teammates
pecheneg
Champions League XIs: Arsenal
pecheneg
Quick Pick: Celebrities in WWE's Hall of Fame
aduchscher
A-Z Keypad Blitz II
pecheneg
Multiple Oscar Actors
pecheneg
Mystery Phrase Blitz: Oscar 'Best Actors'
pecheneg
F. Scott Fitzgerald Novels
LTH
Pick 3 Villains
ddd62291
Trending Topics
Crossword
Marvel
Harry Potter
NBA
Kpop
Anime
Disney
The Office
WWE
Puzzle
Song
Pokémon
Country
NFL
Soccer
Your Account Isn't Verified!
In order to create a playlist on Sporcle, you need to verify the email address you used during registration. Go to your
Sporcle Settings
to finish the process.
Report this User
Report this user for behavior that violates our
Community Guidelines
.
Details:
Send Report
Go to the Sporcle.com Mobile Site →
Comments